New trade policy and WTO regime: (Record no. 17965)
[ view plain ]
| 000 -LEADER | |
|---|---|
| fixed length control field | 008470000a22002290004500 |
| 003 - CONTROL NUMBER IDENTIFIER | |
| control field | dpl |
| 005 - DATE AND TIME OF LATEST TRANSACTION | |
| control field | 2008103109529.0 |
| 008 - FIXED-LENGTH DATA ELEMENTS--GENERAL INFORMATION | |
| fixed length control field | 081031t xxu||||| |||| 00| 0 eng d |
| 010 ## - LIBRARY OF CONGRESS CONTROL NUMBER | |
| LC control number | ENG-84661 |
| 020 ## - INTERNATIONAL STANDARD BOOK NUMBER | |
| International Standard Book Number | 817391737X |
| Terms of availability | 650.00 (hb) |
| 035 ## - SYSTEM CONTROL NUMBER | |
| System control number | EN-68194 |
| 040 ## - CATALOGING SOURCE | |
| Transcribing agency | dpl |
| 082 ## - DEWEY DECIMAL CLASSIFICATION NUMBER | |
| Classification number | 380.130905 |
| 245 ## - TITLE STATEMENT | |
| Title | New trade policy and WTO regime: |
| Remainder of title | (2004-2009) / |
| Statement of responsibility, etc | edited by P V Sarma and L K Mohana Rao |
| 260 ## - PUBLICATION, DISTRIBUTION, ETC. (IMPRINT) | |
| Place of publication, distribution, etc | New Delhi |
| Name of publisher, distributor, etc | Kanishka Publishers, Distributors |
| Date of publication, distribution, etc | 2005 |
| 300 ## - PHYSICAL DESCRIPTION | |
| Extent | ix,284p |
| Dimensions | 22cm |
| 500 ## - GENERAL NOTE | |
| General note | Includes bibliographical references and index |
| 700 ## - ADDED ENTRY--PERSONAL NAME | |
| Personal name | Rao, L K Mohana |
| Titles and other words associated with a name | ed |
| 700 ## - ADDED ENTRY--PERSONAL NAME | |
| Personal name | Sarma, P V |
| Titles and other words associated with a name | ed |
| 942 ## - ADDED ENTRY ELEMENTS (KOHA) | |
| Source of classification or shelving scheme | Dewey Decimal Classification |
| Koha item type | English Books |
| Classification part | 380.130905 |
| Call number suffix | NEW |
| Withdrawn status | Lost status | Source of classification or shelving scheme | Damaged status | Not for loan | Home library | Current library | Date acquired | Cost, normal purchase price | Total Checkouts | Full call number | Barcode | Date last seen | Copy number | Cost, replacement price | Price effective from | Koha item type |
|---|---|---|---|---|---|---|---|---|---|---|---|---|---|---|---|---|
| Dewey Decimal Classification | Not For Loan | D.B.Act.Division | D.B.Act.Division | 12/03/2007 | 650.00 | 380.130905 NEW | EN-68194 | 04/11/2008 | 1 | 650.00 | 04/11/2008 | English Books |
